000 00846cam a2200253 4500
001 7997
005 20181127184842.0
008 960531s1996 mnu b s001 0 eng
010 _a 96009276
020 _a0816627924 (acid-free paper)
020 _a0816627932 (pbk. : acid-free paper)
082 0 0 _a306
_220
100 1 _aAppadurai, Arjun,
_d1949-
245 1 0 _aModernity at large :
_bcultural dimensions of globalization /
_cArjun Appadurai.
260 _aMinneapolis, Minn. :
_bUniversity of Minnesota Press,
_cc1996.
300 _axi, 229 p. ;
_c24 cm.
440 0 _aPublic worlds ;
_vv. 1
504 _aIncludes bibliographical references (p. 205-217) and index.
650 0 _aCivilization, Modern
_y1950-
650 0 _aCulture.
650 0 _aEthnicity.
650 0 _aMass media
_xSocial aspects.
999 _c6881
_d6881